000 00512nam a2200229Ia 4500
003 IT-RoPAU
008 120407s9999 xx 000 0 und d
040 _aIT-RoPAU
040 _cIT-RoPAU
041 _alat
100 _aFederico Muzzarelli
100 _cssp
245 _aTractatus canonicus de Congregationibus Iuris Diocesani.
250 _aRoma
260 _aPia Società San Paolo
260 _c1943
300 _a332 p.
300 _c22,5 cm
490 _v1
942 _cBK
999 _c32796
_d32796